000 00358 a2200157 4500
001 59086
020 _a8535704434
040 _cAnchieta - Pituba
100 _aLibby, Douglas Cole
240 1 0 _aA economia do império brasileiro
_lpor
245 1 0 _aA economia do império brasileiro
300 _a112
362 0 _a2004
650 4 _aBrasil
942 _cBK
999 _c59086
_d59086